| 000 | 00502nam a2200169 i 4500 | ||
|---|---|---|---|
| 001 | 50830 | ||
| 003 | ES-MaACL | ||
| 005 | 20230906162238.0 | ||
| 007 | t| | ||
| 008 | 030807s1977 sp ||||1| spa d | ||
| 100 | 1 |
_aChamizo, Patricio. _937881 |
|
| 245 | 1 | 0 |
_aParedes, un campesino extremeño _b: ; en un lugar de Alemania / _cPatricio Chamizo. |
| 260 |
_a[Badajoz : _bEsquina viva, _c1977] |
||
| 300 |
_a136 p. ; _c19 cm. |
||
| 740 | 0 | _aEn un lugar de Alemania. | |
| 852 |
_aES-MaACL _jA-7212 _bR.96524 |
||
| 999 |
_c50830 _d50830 |
||